Uvas de esperanza

Đã lưu trong:
Chi tiết về thư mục
Tác giả chính: Allard, Sergio (autor)
Định dạng: Sách
Ngôn ngữ:Tiếng Tây Ban Nha
Được phát hành: Santiago Fondo de Cultura Económica 2013
Phiên bản:1a. ed
Những chủ đề:
Các nhãn: Thêm thẻ
Không có thẻ, Là người đầu tiên thẻ bản ghi này!

MARC

LEADER 00000cam a2200000 a 4500
001 UCE2027
003 CL-VaPUC
005 20230925145957.0
008 140605e20130000cl |||||||||||||||||spa|d
999 |c 355706  |d 355704 
020 |a 9789562891141 
040 |c Pontificia Universidad Católica de Valparaíso 
082 0 4 |a Ch863  |b ALL  |2 21 
100 0 |a Allard, Sergio  |e autor  |9 574492 
245 1 0 |a Uvas de esperanza 
250 |a 1a. ed 
260 |a Santiago  |b Fondo de Cultura Económica  |c 2013 
300 |a 976 p 
583 |a last modification  |c 20140605 14:22:00  |k Rodrigo Vera 
650 0 |a Novelas chilenas   |9 265425 
650 0 |a Literatura chilena   |9 308278 
942 |c BK  |2 ddc 
945 |d 20140605 14:22:00  |a dcastane 
952 |0 0  |1 0  |3 erb  |4 0  |6 CH_863_000000000000000_ALL_2013  |7 0  |8 X  |9 462529  |a FDOBUD  |b FDOBUD  |i 5081734  |o Ch863 ALL 2013  |p 5081734  |r 2019-11-23  |w 2019-11-23  |y BK_X  |z Catalogado en:20140605  |k BUD 
952 |0 0  |1 0  |2 ddc  |3 erb  |4 0  |6 CH_863_000000000000000_ALL_2013  |7 0  |9 462530  |a BIBEDU  |b BIBEDU  |i 5081726  |o Ch863 ALL 2013  |p 5081726  |r 2019-11-23  |t 3  |w 2019-11-23  |y BK  |z Catalogado en:20140605  |k LIT 
952 |0 0  |1 0  |3 erb  |4 0  |6 CH_863_000000000000000_ALL_2013  |7 0  |8 A  |9 462531  |a BIBAGR  |b BIBAGR  |i 508167K  |o Ch863 ALL 2013  |p 508167K  |r 2025-01-20  |w 2019-11-23  |y BK  |z Catalogado en:20140605  |k AGR 
952 |0 0  |1 0  |3 erb  |4 0  |6 CH_863_000000000000000_ALL_2013  |7 0  |8 A  |9 462532  |a BIBHIS  |b BIBHIS  |i 5081688  |o Ch863 ALL 2013  |p 5081688  |r 2025-01-20  |w 2019-11-23  |y BK  |z Catalogado en:20140605  |k HIS